Geology of clays : (Record no. 12003)

MARC details
000 -LEADER
fixed length control field 01460nam a22003017i 4500
003 - CONTROL NUMBER IDENTIFIER
control field EG-ScBUE
005 - DATE AND TIME OF LATEST TRANSACTION
control field 20260315100430.0
008 - FIXED-LENGTH DATA ELEMENTS--GENERAL INFORMATION
fixed length control field 090624s1970 nyua f b 001 0 eng d
040 ## - CATALOGING SOURCE
Original cataloging agency EG-ScBUE
Language of cataloging eng
Description conventions rda
Transcribing agency EG-ScBUE
Modifying agency EG-ScBUE
041 ## - LANGUAGE CODE
Language code of text/sound track or separate title eng
Language code of original and/or intermediate translations of text fre
082 04 - DEWEY DECIMAL CLASSIFICATION NUMBER
Classification number 553.61
Item number MIL
Edition number 22
100 1# - MAIN ENTRY--PERSONAL NAME
Personal name Millot, Georges,
Relator term author.
240 10 - UNIFORM TITLE
Uniform title <a href="Géologie des Argiles : altérations, sédimentologie, géochimie.">Géologie des Argiles : altérations, sédimentologie, géochimie.</a>
Language of a work French
245 10 - TITLE STATEMENT
Title Geology of clays :
Remainder of title weathering, sedimentology, geochemistry /
Statement of responsibility, etc by Georges Millot, professor of geology, dean of the Faculty of Sciences, University of Strasbourg, France ; translated by W. R. Farrand, Department of Geology and Mineralogy, University of Michigan, Ann Arbor, U.S.A., Hélène Paquet, Centre de Sédimentologie et de Géochimie de la Surface, Strasbourg, France.
264 #1 - PUBLICATION, DISTRIBUTION, ETC. (IMPRINT)
Place of publication, distribution, etc New York :
Name of publisher, distributor, etc Springer-Verlage,
Date of publication, distribution, etc 1970.
300 ## - PHYSICAL DESCRIPTION
Extent xvi, 429 pages :
Other physical details illustrations ;
Dimensions 25 cm
336 ## - CONTENT TYPE
Source rdacontent
Content type term text
Content type code txt
337 ## - MEDIA TYPE
Media type term unmediated
Source rdamedia
Media type code n
338 ## - CARRIER TYPE
Carrier type term volume
Carrier type code nc
Source rdacarrier
500 ## - GENERAL NOTE
General note Originally published as 'Géologie des Argiles'. Paris: Masson, 1970.
504 ## - BIBLIOGRAPHY, ETC. NOTE
Bibliography, etc Includes bibliographical references and index.<br/>
546 ## - LANGUAGE NOTE
Language note Text in English ; translated from the original French language.
650 #7 - SUBJECT ADDED ENTRY--TOPICAL TERM
9 (RLIN) 6822
Topical term or geographic name as entry element Clay.
Source of heading or term BUEsh
655 ## - INDEX TERM--GENRE/FORM
Form subdivision Reading book
700 1# - ADDED ENTRY--PERSONAL NAME
Personal name Farrand, William R.,
Dates associated with a name 1931-2011,
Relator term translator.
700 1# - ADDED ENTRY--PERSONAL NAME
Personal name Paquet, Hélène,
Dates associated with a name 1937-
Relator term translator.
942 ## - ADDED ENTRY ELEMENTS (KOHA)
Source of classification or shelving scheme Dewey Decimal Classification
Koha item type Book - Borrowing
Holdings
Withdrawn status Lost status Source of classification or shelving scheme Damaged status Not for loan Collection code Home library Current library Shelving location Date acquired Source of acquisition Cost, normal purchase price Total Checkouts Full call number Barcode Date last seen Price effective from Koha item type
    Dewey Decimal Classification     Alef-Baa Central Library Central Library First floor 24/06/2009   150.00   553.61 MIL 000016998 15/07/2025 24/06/2009 Book - Borrowing